Fracaso escolar: ¿Por qué se quedan los que se quedan?
Zapisane w:
| 1. autor: | |
|---|---|
| Format: | Książka |
| Język: | hiszpański |
| Wydane: |
Buenos Aires
Bonum
2011
|
| Wydanie: | 1a. ed |
| Hasła przedmiotowe: | |
| Etykiety: |
Dodaj etykietę
Nie ma etykietki, Dołącz pierwszą etykiete!
|
MARC
| LEADER | 00000cam a2200000 a 4500 | ||
|---|---|---|---|
| 001 | UCE1685 | ||
| 003 | CL-VaPUC | ||
| 008 | 140508e20110000ag |||||||||||||||||spa|d | ||
| 020 | |a 9789876670272 | ||
| 082 | 0 | 4 | |a 371.2913 |b GRI |2 21 |
| 100 | 0 | |a Grimozzi, Sergio |e author |9 574058 | |
| 245 | 1 | 0 | |a Fracaso escolar: ¿Por qué se quedan los que se quedan? |
| 250 | |a 1a. ed | ||
| 300 | |a 223 p | ||
| 942 | |c BK | ||
| 945 | |d 20140508 16:03:00 |a dcastane | ||
| 260 | |a Buenos Aires |b Bonum |c 2011 | ||
| 650 | 7 | |a DESERCION ESCOLAR |2 CL-VaPUC |9 307945 | |
| 650 | 7 | |a FRACASO ESCOLAR |2 CL-VaPUC |9 308828 | |
| 650 | 7 | |a PROGRAMAS SOCIALES |2 CL-VaPUC |9 324718 | |
| 583 | |a last modification |c 20140508 16:03:00 |k Rodrigo Vera | ||
| 999 | |c 355417 |d 355415 | ||
| 952 | |0 0 |1 0 |3 erb |4 0 |6 371_291300000000000_GRI_2011 |7 0 |8 A |9 462127 |a BIBTEO |b BIBTEO |i 5072034 |o 371.2913 GRI 2011 |p 5072034 |r 2025-01-17 |w 2019-11-23 |y BK |z Catalogado en:20140508 |k ICR | ||